| 000 | 00711cam a22002531 4500 | ||
|---|---|---|---|
| 001 | 10187205 | ||
| 005 | 20170822174852.0 | ||
| 008 | 781016s1939 enka b 001 0 eng | ||
| 010 | _a 40003272 | ||
| 035 | _a(OCoLC)4294114 | ||
| 040 |
_aDLC _cBSU _dBSU |
||
| 042 | _apremarc | ||
| 050 | 0 | 0 |
_aTN665 _b.R68 |
| 082 |
_a669 ROL _222 |
||
| 100 | 1 |
_aRollason, Ernest Clarence. _911304 |
|
| 245 | 1 | 0 |
_aMetallurgy for engineers, _cby E. C. Rollason. |
| 260 |
_aLondon, _bE. Arnold _c[1939] |
||
| 300 |
_aviii, 272 p. _billus., diagrs. _c22 cm. |
||
| 500 | _a"First published 1939." | ||
| 504 | _a"Selected bibliography": p. 263. | ||
| 650 | 0 |
_aMetallurgy. _911305 |
|
| 658 | _aEngineering | ||
| 942 |
_2ddc _cBK |
||
| 999 |
_c5343 _d5343 |
||